000 00620nam a2200253Ia 4500
005 20260121161106.0
008 008 260114s9999 xx 000 0 eng d
020 _a9780429078934
037 _aEBOOK
040 _aCRL
040 _beng
040 _cCRL
041 _2eng
041 _aeng
084 _qCRL
100 _a C. P. Kubicek; Gary E. Harman
_91040100
245 0 _aTrichoderma And Gliocladium. Volume 1
260 _bTaylor and Francis
260 _c1998
856 _uhttp://www.taylorfrancis.com/books/9780429078934
942 _cEBOOK
999 _c1606916
_d1606916